Разработки по литература (Запис номер 11156)
[ съкратено ]
| 000 -Лидер | |
|---|---|
| Контролно поле с фиксирана дължина | 02607nam a2200445 c 4500 |
| 003 - Код на организацията, давaща контролен номер | |
| Контролно поле | BLK |
| 005 - Дата и час на последна редакция | |
| Контролно поле | 20230802133904.0 |
| 008 - Елементи от данни с фиксирана дължина | |
| fixed length control field | 180412b bul|||||r ||||||| ||bul|| |
| 010 ## - Наследен системен номер | |
| LC control number | KNG00012680000 |
| 020 ## - Международен стандартен номер на книга ISBN | |
| Международен стандартен номер на книга ISBN | 954-8560-02-Х |
| -- | издат.: Парнас |
| 040 ## - Източник на каталожния запис | |
| Идентификатор на билиотеката - собственик на записа | BLK |
| 041 ## - Код за език | |
| Код за езика на текст/звукозапис или на отделно заглавие | Български |
| Код за езика КДБФ | Български |
| 080 ## - УДК | |
| Текстов определител УДК | Българска литература в основното училище. Методика на обучението |
| УДК код - определител по УДК | 373.3.016:821.163.2 |
| УДК определител | (075.2) |
| УДК - код + определител | 373.3.016:821.163.2(075.2) |
| 080 ## - УДК | |
| Текстов определител УДК | Литературна дейност. Редактиране. Култура на речта. Стилистика. Литературна техника |
| УДК код - определител по УДК | 808 |
| УДК определител | (075.2) |
| УДК - код + определител | 808(075.2) |
| 100 1# - Редна дума - Автор | |
| Автор | Братанов, Иво Маринов |
| Авторска отговорност | първи автор |
| R(LIN) | 251538 |
| 139 ## - Редно поле | |
| Редна дума | Разработки по литература |
| Авторски знак | Разпо - Р 25 |
| 245 10 - Сведения за заглавието | |
| Заглавие | Разработки по литература |
| Подзаглавни данни | За седмокласници и кандидат-гимназисти |
| Редно поле (дума) | Иво Маринов Братанов; Звезделина Братанова; Татяна Живкова; Мая Нейчева; Весела Николова. |
| 250 ## - Област на изданието | |
| Сведения за изданието | [2. изд.] |
| 257 ## - Страна на издаване | |
| Страна на създаване/издаване | България |
| 260 ## - Област на издателските данни | |
| -- | Русе |
| Име на издателя, разпространителя и проч. | Парнас |
| Година на издаване | 1996 |
| 300 ## - Физическа характеристика | |
| Страници | 127 с. |
| Размери/Мащаб | 24 см |
| 380 ## - Жанр | |
| Жанр | Обществени науки |
| 500 ## - Общи забележки | |
| Забележка | Други авт.: Зв. Братанова, Т. Живкова, М. Нейчева, В. Николова. - 1. изд. 1995. - 3 025 тир. Съдържа: Подробен преразказ ; Подборен преразказ ; Сбит преразказ ; Преразказ с елементи на разсъждение ; Отговор на литературен въпрос ; Интерпретации. |
| 650 #4 - Допълнително описание по предмет – тема | |
| Основно описание – тема или топоним | Българска литература - учебни помагала |
| 9 (RLIN) | 242720 |
| 650 #4 - Допълнително описание по предмет – тема | |
| Основно описание – тема или топоним | Съчинения по литература - методика - учебни помагала |
| 9 (RLIN) | 243596 |
| 653 ## - Ключова дума – ненормативна | |
| Ключова дума | литература |
| 653 ## - Ключова дума – ненормативна | |
| Ключова дума | литературни анализи |
| 653 ## - Ключова дума – ненормативна | |
| Ключова дума | VІІ кл. |
| 653 ## - Ключова дума – ненормативна | |
| Ключова дума | кандидат-гимназисти |
| 700 ## - Други автори (авторска отговорност) | |
| Лично име | Братанова, Звезделина Йорданова |
| Дати, свързани с автора | 1965- |
| 9 (RLIN) | 256205 |
| 700 1# - Други автори (авторска отговорност) | |
| Лично име | Живкова, Татяна |
| 9 (RLIN) | 364468 |
| 700 1# - Други автори (авторска отговорност) | |
| Лично име | Нейчева, Мая |
| 9 (RLIN) | 256206 |
| 700 1# - Други автори (авторска отговорност) | |
| Лично име | Николова, Весела |
| 9 (RLIN) | 256207 |
| 852 ## - Местоположение | |
| Форматна сигнатура | Цб 188803 |
| 856 4# - Електронен адрес и достъп | |
| Електронен формат | pdf - файл |
| Път до файла /url/ | |
| 856 4# - Електронен адрес и достъп | |
| Електронен формат | pdf - файл |
| Път до файла /url/ | |
| 942 ## - АРТИКУЛИ | |
| Вид на библиотечния материал | Книги |
| Скрит в OPAC | Не |
| 944 ## - СЪЗДАВАНЕ И РЕДАКЦИЯ на ЗАПИСА | |
| Създаване/Редакция | Създаване |
| Дата на регистрацията/редакция | 04.03.2003 |
| Статус, дата на статуса | Теодора Пейчева-Дянкова |
| Служител, извършил регистрацията/редакцията | 30556 |
| 944 ## - СЪЗДАВАНЕ И РЕДАКЦИЯ на ЗАПИСА | |
| Създаване/Редакция | Редакция |
| Дата на регистрацията/редакция | 01.09.2015 |
| Статус, дата на статуса | ф / |
| Служител, извършил регистрацията/редакцията | Людмила_Стоянова |
| 999 ## - СИСТЕМНИ КОНТРОЛНИ НОМЕРА | |
| Koha biblionumber | 11156 |
| Koha biblioitemnumber | 11156 |
| Код за отписване | Код за изгубен артикул | Източник на класификационната схема | Код за повреда | Коз за рестрикции | Код за отдаване | Артикулен № | Име на библиотеката - собственик | Име на библиотеката, в която се намира в момента | Статус (Текущо местоположение) | Дата на вписване в системата | Местоположение - отдел | Цена в лева | Инвентарен номер | Систематично азбучна сигнатура | Баркод | Номер на екземпляра | Цена в евро | Служебна бележка | Служебен тип на артикула |
|---|---|---|---|---|---|---|---|---|---|---|---|---|---|---|---|---|---|---|---|
| Не е изгубен | Universal Decimal Classification | Не е повреден | без рестрикции | ползва се в читалня | 19366 | Регионална библиотека "Любен Каравелов" Русе | Регионална библиотека "Любен Каравелов" Русе | Хранилище | 2001-01-01 | Хранилище | 0.72 | 623161 | Цб 188803 | 120000623161 | 1 | 0.37 | Дост: Dp Вид: Д N: стар фонд Дата: 01.01.1996 | Книги | |
| Изтеглен | Не е изгубен | Universal Decimal Classification | Не е повреден | без рестрикции | заемане за дома | 19367 | Регионална библиотека "Любен Каравелов" Русе | Регионална библиотека "Любен Каравелов" Русе | Детски отдел | 2001-01-01 | Детски отдел | 0.72 | 621772 | ДН 372.88/Р 25 | 621772 | 2 | 0.37 | Дост: Pk Вид: Ф N: стар фонд Дата: 01.01.1996 Дата инв: 21.08.2015 Бележки инв: Д2015 | Книги |
| Изтеглен | Не е изгубен | Universal Decimal Classification | Не е повреден | без рестрикции | заемане за дома | 19368 | Регионална библиотека "Любен Каравелов" Русе | Регионална библиотека "Любен Каравелов" Русе | Детски отдел | 2001-01-01 | Детски отдел | 0.72 | 621774 | ДН 372.88/Р 25 | 621774 | 3 | 0.37 | Дост: Pk Вид: Ф N: стар фонд Дата: 01.01.1996 Дата инв: 21.08.2015 Бележки инв: Д2015 | Книги |